000 00533nam a2200217Ia 4500
005 20250425162504.0
008 250425s9999 xx 000 0 und d
041 _aeng
082 _a629.8
100 _aOGATA, KATSUHIKO
245 0 _aMODERN CONTROL ENGINEERING
250 _aS.E.
260 _aENGLEWOOD
260 _aEstados Unidos
_bPRENTICE HALL
_c1970
300 _a836
650 _aCONTROLES INDUSTRIALES
650 _aLAPLACE-TRANSFORMACIONES
650 _aSISTEMAS DE CONTROL
942 _c01
010 _a77483
999 _c230261
_d230261